[Event "Challenge"]
[Site "http://www.queenalice.com/game.php?id=1300699"]
[Date "2014.8.10"]
[Round "-"]
[White "vangogh"]
[Black "ElvisCarvalho"]
[Result "1-0"]
[WhiteElo "1568"]
[BlackElo "1548"]

1. e4 e5 2. d4 exd4 3. Qxd4 f6 4. Nf3 d6 5. Nc3 Bg4 6. Ng1 Nd7 7. f3 Bh5 8. g4
Bf7 9. f4 c5 10. Qf2 Qa5 11. Nf3 h6 12. g5 hxg5 13. fxg5 Rh5 14. Bd2 fxg5 15.
Bxg5 Qb6 16. b3 d5 17. exd5 Bxd5 18. Nxd5 Qe6+ 19. Qe2 Qxe2+ 20. Bxe2 b6 21.
Nc7+ Kf7 22. Nxa8 g6 23. Rd1 Ndf6 24. Bxf6 Nxf6 25. Bc4+ Kg7 26. Nc7 Rh3 27.
Ne6+ Kg8 28. Neg5+ Kg7 29. Nxh3 Be7 30. Nhg5 Bf8 31. Ne6+ 1-0

[Event "Challenge"]
[Site "http://www.queenalice.com/game.php?id=1302582"]
[Date "2014.8.19"]
[Round "-"]
[White "mackingg"]
[Black "ElvisCarvalho"]
[Result "0-1"]
[WhiteElo "1408"]
[BlackElo "1527"]

1. e4 e5 2. f4 d6 3. Nf3 Bg4 4. Bc4 Nh6 5. O-O exf4 6. d4 g5 7. c3 f6 8. Qb3 b6
9. Na3 c6 10. Be6 Bxe6 11. Qxe6+ Qe7 12. Qb3 Qxe4 13. Re1 Qxe1+ 14. Nxe1 Be7 15.
d5 c5 16. Nb5 Na6 17. Nxd6+ Bxd6 18. Qb5+ Kf8 19. Qxa6 Nf5 20. Qb7 Ne7 0-1

[Event "Challenge"]
[Site "http://www.queenalice.com/game.php?id=1302583"]
[Date "2014.8.19"]
[Round "-"]
[White "ElvisCarvalho"]
[Black "mackingg"]
[Result "1-0"]
[WhiteElo "1486"]
[BlackElo "1459"]

1. e4 e5 2. Qf3 Nf6 3. Bc4 Be7 4. d3 O-O 5. Qg3 d6 6. Bh6 Ne8 7. Nc3 c6 8. O-O-O
Kh8 9. Be3 f5 10. exf5 Bxf5 11. d4 d5 12. Bb3 e4 13. f4 Bh4 14. Qxh4 Qxh4 15. g3
Qd8 16. Nge2 Bg4 17. h3 Bf3 18. Rh2 Na6 19. Na4 Nd6 20. Nc5 Nxc5 21. dxc5 Nf5
22. Re1 Nxe3 23. Ba4 Nf5 24. Nd4 Nxd4 25. Kb1 Qa5 26. c3 1-0

[Event "Challenge"]
[Site "http://www.queenalice.com/game.php?id=1302584"]
[Date "2014.8.19"]
[Round "-"]
[White "mackingg"]
[Black "ElvisCarvalho"]
[Result "0-1"]
[WhiteElo "1439"]
[BlackElo "1501"]

1. Nf3 d6 2. d4 Bg4 3. e3 e5 4. dxe5 dxe5 5. Be2 f6 6. O-O Qxd1 7. Bxd1 Nc6 8.
Nc3 O-O-O 9. Ne4 Nge7 10. Be2 Nf5 11. Bd2 Kb8 12. Bc3 Bb4 13. Rad1 a5 14. a3
Bxc3 15. Nxc3 b6 16. h3 Bxf3 17. Bxf3 Nce7 18. e4 Nd4 19. Rd2 Nxf3+ 0-1

[Event "Challenge"]
[Site "http://www.queenalice.com/game.php?id=1302585"]
[Date "2014.8.19"]
[Round "-"]
[White "ElvisCarvalho"]
[Black "mackingg"]
[Result "1-0"]
[WhiteElo "1452"]
[BlackElo "1508"]

1. e4 e5 2. Bc4 Nf6 3. d3 Be7 4. Nf3 Nc6 5. Ng5 O-O 6. Bxf7+ Rxf7 7. Nxf7 Kxf7
8. O-O Kg8 9. Nc3 d6 10. Bg5 a6 11. a3 Be6 12. b4 Nd4 13. f3 Bf7 14. h3 Ne6 15.
Bh4 Nf4 16. Bxf6 Bxf6 17. g4 Nxh3+ 18. Kh1 Nf4 19. Qc1 d5 20. exd5 1-0

[Event "Challenge"]
[Site "http://www.queenalice.com/game.php?id=1302587"]
[Date "2014.8.19"]
[Round "-"]
[White "ElvisCarvalho"]
[Black "mackingg"]
[Result "1-0"]
[WhiteElo "1515"]
[BlackElo "1422"]

1. e4 e5 2. Qh5 Qe7 3. Bc4 Nf6 4. Qh4 Nc6 5. d3 d6 6. Qg3 Bd7 7. Bg5 O-O-O 8.
Bd5 h6 9. Bxc6 Bxc6 10. Nf3 hxg5 11. Nxg5 Kb8 12. Nc3 Nh5 13. Qg4 Bd7 14. Qh4 g6
15. f3 Bh6 16. Nd5 Qxg5 17. Qxg5 Bxg5 18. h4 Bh6 19. Rg1 c6 20. g4 Nf4 21. Nxf4
Bxf4 22. Rh1 Bg3+ 23. Kd1 1-0

[Event "Challenge"]
[Site "http://www.queenalice.com/game.php?id=1302589"]
[Date "2014.8.19"]
[Round "-"]
[White "mackingg"]
[Black "ElvisCarvalho"]
[Result "0-1"]
[WhiteElo "1482"]
[BlackElo "1470"]

1. f4 Nc6 2. Nf3 d5 3. d4 g6 4. e3 f5 5. Be2 e6 6. O-O Bd7 7. Nc3 Nf6 8. Ne5
Nxe5 9. fxe5 Ng8 10. Bb5 Bb4 11. Bxd7+ Qxd7 12. Bd2 O-O-O 13. a3 Bxc3 14. Bxc3
Qb5 15. a4 Qd7 16. Qe2 Kb8 17. a5 a6 0-1

[Event "Challenge"]
[Site "http://www.queenalice.com/game.php?id=1303004"]
[Date "2014.8.20"]
[Round "-"]
[White "AdelM"]
[Black "ElvisCarvalho"]
[Result "0-1"]
[WhiteElo "1409"]
[BlackElo "1427"]

1. g4 e5 2. Bg2 d5 3. c3 Be6 4. Qa4+ Bd7 5. Qd1 Bxg4 6. f3 Bh5 7. Qb3 b6 8. Nh3
Nf6 9. Na3 Bxa3 10. Qxa3 c5 11. d3 O-O 12. Ng5 e4 0-1

[Event "Challenge"]
[Site "http://www.queenalice.com/game.php?id=1441020"]
[Date "2016.9.13"]
[Round "-"]
[White "ElvisCarvalho"]
[Black "vangogh"]
[Result "0-1"]
[WhiteElo "1468"]
[BlackElo "1529"]

1. e4 e5 2. Nf3 Nc6 3. Bb5 a6 4. Bxc6 dxc6 5. Nc3 Bg4 6. h3 Bxf3 7. Qxf3 Nf6 8.
d3 h6 9. Be3 Bb4 10. Bd2 b5 11. O-O O-O 12. Qg3 g5 13. Qxe5 Bd6 14. Qf5 Rb8 15.
e5 Bxe5 16. Rfe1 Bxc3 17. Bxc3 Re8 18. Bxf6 Qd6 19. Be5 Qb4 20. Bxc7 Rxe1+ 21.
Rxe1 Qxe1+ 22. Kh2 Re8 23. Bb6 Qd2 24. Qd7 Qf4+ 25. g3 Qe5 26. d4 Qe2 27. d5
cxd5 28. Qf5 Re5 29. Qc8+ Re8 30. Qc7 Qd1 0-1

[Event "Challenge"]
[Site "http://www.queenalice.com/game.php?id=1441022"]
[Date "2016.9.13"]
[Round "-"]
[White "ElvisCarvalho"]
[Black "jamesxirb"]
[Result "1-0"]
[WhiteElo "1449"]
[BlackElo "1486"]

1. e4 e5 2. Nf3 f6 3. Nc3 c6 4. d3 g5 5. d4 b5 6. dxe5 g4 7. Nd4 fxe5 8. Nf5 h5
9. Nd6+ Bxd6 10. Qxd6 Rh7 11. Qxe5+ Re7 12. Qxh5+ Rf7 13. Bg5 Nf6 14. Qh8+ Rf8
15. Qh6 b4 16. e5 Qe7 17. O-O-O Qxe5 18. Bc4 bxc3 19. Qh5+ Nxh5 20. Rde1 Qxe1+
21. Rxe1# 1-0

[Event "AUTO-INT-3173"]
[Site "http://www.queenalice.com/game.php?id=1441112"]
[Date "2016.9.13"]
[Round "1"]
[White "The_Clown"]
[Black "ElvisCarvalho"]
[Result "1-0"]
[WhiteElo "1699"]
[BlackElo "1484"]

1. e4 e5 2. Nc3 Nf6 3. d4 Nc6 4. d5 Nd4 5. Be3 Bb4 6. Bxd4 exd4 7. Qxd4 Qe7 8.
Nf3 Bxc3+ 9. Qxc3 Qxe4+ 10. Be2 O-O 11. O-O Nxd5 12. Rfe1 Nxc3 13. bxc3 Qxc2 14.
Nd4 Qxc3 15. Nb5 Qc6 16. Rac1 Qg6 17. Nxc7 Rb8 18. Nd5 1-0

[Event "AUTO-INT-3173"]
[Site "http://www.queenalice.com/game.php?id=1441113"]
[Date "2016.9.13"]
[Round "1"]
[White "ElvisCarvalho"]
[Black "The_Clown"]
[Result "0-1"]
[WhiteElo "1477"]
[BlackElo "1706"]

1. e4 e5 2. Nf3 Nf6 3. Nxe5 Qe7 4. d4 Nxe4 5. Qf3 Nf6 6. Bg5 d6 7. Bxf6 gxf6 8.
Bb5+ c6 9. O-O fxe5 10. Ba4 e4 11. Qh5 d5 12. f3 Nd7 13. fxe4 dxe4 14. Re1 Nf6
15. Qh4 Rg8 16. g3 Qd6 17. c3 Be7 0-1

[Event "Challenge"]
[Site "http://www.queenalice.com/game.php?id=1442695"]
[Date "2016.9.24"]
[Round "-"]
[White "ElvisCarvalho"]
[Black "vinoseco"]
[Result "0-1"]
[WhiteElo "1470"]
[BlackElo "1836"]

1. e4 c5 2. Nc3 Nc6 3. Bb5 Nd4 4. d3 a6 5. Bc4 b5 6. Bd5 Ra7 7. Nge2 Nxe2 8.
Qxe2 e6 9. Bb3 d6 10. Qf3 Nf6 11. Be3 e5 12. O-O-O Bg4 13. Qg3 Bxd1 14. Rxd1 Rc7
15. Bg5 Be7 16. Bxf6 Bxf6 17. Nd5 Rc8 18. c4 b4 19. f4 a5 20. Qg4 O-O 21. fxe5
Bxe5 22. Rf1 Ra8 23. Ba4 g6 24. Bc6 Ra7 25. h3 h5 26. Qf3 Qg5+ 27. Kb1 Qd2 28.
Qf2 Qxd3+ 29. Ka1 Bxb2+ 0-1